Loading...
| Current Events | 2 | 15.00 | 100% | 50% | 0% |
| Fine Arts - Classical Music | 3 | 3.33 | 33% | 0% | 0% |
| Fine Arts - Other | 4 | 17.50 | 100% | 50% | 25% |
| Fine Arts - Painting and Sculpture | 3 | 10.00 | 100% | 0% | 0% |
| Geography | 1 | 30.00 | 100% | 100% | 100% |
| History - American | 8 | 12.50 | 100% | 25% | 0% |
| History - European | 5 | 16.00 | 100% | 60% | 0% |
| History - Other | 5 | 10.00 | 100% | 0% | 0% |
| History - World | 5 | 16.00 | 80% | 60% | 20% |
| Literature - American | 8 | 16.25 | 100% | 50% | 13% |
| Literature - British | 5 | 10.00 | 100% | 0% | 0% |
| Literature - European | 4 | 12.50 | 100% | 25% | 0% |
| Literature - World | 4 | 10.00 | 100% | 0% | 0% |
| Mythology | 1 | 10.00 | 0% | 100% | 0% |
| Other Academic | 1 | 20.00 | 100% | 100% | 0% |
| Philosophy | 3 | 13.33 | 100% | 33% | 0% |
| Religion | 6 | 18.33 | 100% | 50% | 33% |
| Science - Biology | 2 | 10.00 | 100% | 0% | 0% |
| Science - Chemistry | 5 | 4.00 | 20% | 0% | 20% |
| Science - Other | 5 | 10.00 | 80% | 20% | 0% |
| Science - Physics | 5 | 8.00 | 60% | 20% | 0% |
| Social Science | 4 | 10.00 | 75% | 25% | 0% |